<?xml version="1.0" encoding="UTF-8"?>
<record
    xmlns:xsi="http://www.w3.org/2001/XMLSchema-instance"
    xsi:schemaLocation="http://www.loc.gov/MARC21/slim http://www.loc.gov/standards/marcxml/schema/MARC21slim.xsd"
    xmlns="http://www.loc.gov/MARC21/slim">

  <leader>00517nam a22001697a 4500</leader>
  <datafield tag="999" ind1=" " ind2=" ">
    <subfield code="c">7862</subfield>
    <subfield code="d">7862</subfield>
  </datafield>
  <controlfield tag="005">20240215171820.0</controlfield>
  <controlfield tag="008">240215b           ||||| |||| 00| 0 eng d</controlfield>
  <datafield tag="020" ind1=" " ind2=" ">
    <subfield code="a">9788419245700</subfield>
  </datafield>
  <datafield tag="040" ind1=" " ind2=" ">
    <subfield code="a">CDMR</subfield>
  </datafield>
  <datafield tag="100" ind1=" " ind2=" ">
    <subfield code="9">4932</subfield>
    <subfield code="a">Llim&#xF3;s, Albert</subfield>
  </datafield>
  <datafield tag="245" ind1=" " ind2=" ">
    <subfield code="a">Intocables </subfield>
    <subfield code="b">: quan el poder es transforma en ab&#xFA;s </subfield>
    <subfield code="c">/ Albert Llim&#xF3;s Bifet</subfield>
  </datafield>
  <datafield tag="260" ind1=" " ind2=" ">
    <subfield code="a">Barcelona </subfield>
    <subfield code="b">: La Campana</subfield>
    <subfield code="c">, 2024</subfield>
  </datafield>
  <datafield tag="300" ind1=" " ind2=" ">
    <subfield code="a">195 p&#xE0;gines</subfield>
  </datafield>
  <datafield tag="650" ind1=" " ind2="0">
    <subfield code="9">4933</subfield>
    <subfield code="a">Delictes sexuals</subfield>
    <subfield code="z">Catalunya</subfield>
  </datafield>
  <datafield tag="650" ind1=" " ind2="0">
    <subfield code="9">4934</subfield>
    <subfield code="a">Autoritarisme</subfield>
    <subfield code="z">Catalunya</subfield>
  </datafield>
  <datafield tag="942" ind1=" " ind2=" ">
    <subfield code="2">udc</subfield>
    <subfield code="c">MON</subfield>
  </datafield>
  <datafield tag="952" ind1=" " ind2=" ">
    <subfield code="0">0</subfield>
    <subfield code="1">0</subfield>
    <subfield code="2">udc</subfield>
    <subfield code="4">0</subfield>
    <subfield code="7">0</subfield>
    <subfield code="a">CDMR</subfield>
    <subfield code="b">CDMR</subfield>
    <subfield code="d">2024-02-15</subfield>
    <subfield code="e">Donaci&#xF3;</subfield>
    <subfield code="g">21.90</subfield>
    <subfield code="l">2</subfield>
    <subfield code="m">1</subfield>
    <subfield code="o">Dj /160</subfield>
    <subfield code="p">CDMR24020009</subfield>
    <subfield code="r">2025-03-12</subfield>
    <subfield code="s">2025-02-12</subfield>
    <subfield code="w">2024-02-15</subfield>
    <subfield code="y">MON</subfield>
  </datafield>
</record>
